|
|
|
|
| LEADER |
02306nam a2200505 4500 |
| 001 |
ocn925332539 |
| 003 |
OCoLC |
| 005 |
20170124071755.1 |
| 006 |
m o d |
| 007 |
cr cnu|||unuuu |
| 008 |
151016s2015 enk ob 001 0 eng d |
| 040 |
|
|
|a N$T
|b eng
|e rda
|e pn
|c N$T
|d N$T
|d YDXCP
|d DG1
|d IDEBK
|d CDX
|d COO
|d DEBBG
|d KSU
|d GrThAP
|
| 019 |
|
|
|a 925499199
|
| 020 |
|
|
|a 9781118628959
|q electronic bk.
|
| 020 |
|
|
|a 1118628950
|q electronic bk.
|
| 020 |
|
|
|a 9781118628966
|q electronic bk.
|
| 020 |
|
|
|a 1118628969
|q electronic bk.
|
| 020 |
|
|
|z 9781119978534
|
| 020 |
|
|
|z 111997853X
|
| 020 |
|
|
|a 111997853X
|
| 020 |
|
|
|a 9781119978534
|
| 024 |
3 |
|
|a 9781119978534
|
| 029 |
1 |
|
|a DEBBG
|b BV043738101
|
| 035 |
|
|
|a (OCoLC)925332539
|z (OCoLC)925499199
|
| 050 |
|
4 |
|a QD181.C15
|
| 072 |
|
7 |
|a SCI
|x 013030
|2 bisacsh
|
| 082 |
0 |
4 |
|a 546.73
|2 23
|
| 049 |
|
|
|a MAIN
|
| 245 |
0 |
0 |
|a Toxicology of cyanides and cyanogens :
|b experimental applied and clinical /
|c edited by Alan H. Hall, Gary Isom, Gary Rockwood.
|
| 264 |
|
1 |
|a Chichester, West Sussex :
|b John Wiley & Sons, Inc.,
|c 2015.
|
| 300 |
|
|
|a 1 online resource
|
| 336 |
|
|
|a text
|b txt
|2 rdacontent
|
| 337 |
|
|
|a computer
|b c
|2 rdamedia
|
| 338 |
|
|
|a online resource
|b cr
|2 rdacarrier
|
| 504 |
|
|
|a Includes bibliographical references and index.
|
| 588 |
0 |
|
|a Online resource; title from PDF title page (EBSCO, viewed October 22, 2015).
|
| 520 |
8 |
|
|a The basic and applied toxicology of cyanides and cyanogens has widespread commercial, occupational, environmental, clinical, forensic, military, and public health implications. This book provides a detailed and updated reference describing the properties, uses, general and human toxicology, clinical recognition, diagnosis and medical management, and countermeasures is therefore required in academic, medical, occupational, environmental, medico-legal, regulatory, emergency response, and military arenas.
|
| 650 |
|
0 |
|a Cyanides
|x Toxicology.
|
| 650 |
|
0 |
|a Cyanogen compounds
|x Toxicology.
|
| 650 |
|
7 |
|a SCIENCE / Chemistry / Inorganic
|2 bisacsh
|
| 655 |
|
4 |
|a Electronic books.
|
| 700 |
1 |
|
|a Hall, Alan H.,
|d 1949-
|e editor.
|
| 776 |
0 |
8 |
|i Print version:
|z 111997853X
|z 9781119978534
|w (OCoLC)922645390
|
| 856 |
4 |
0 |
|u https://doi.org/10.1002/9781118628966
|z Full Text via HEAL-Link
|
| 994 |
|
|
|a 92
|b DG1
|